[Event "TUR Cup"]
[Site "Denizli"]
[Date "2023.07.21"]
[Round "8"]
[White "Aydogdu, Cagatay"]
[Black "Engin, Eyup Tarik"]
[Result "0-1"]
[WhiteElo "1804"]
[BlackElo "1512"]
[PlyCount "170"]
[EventDate "2023.07.16"]
[EventType "team-tourn"]
[EventRounds "9"]
[EventCountry "TUR"]
[SourceTitle "CBM 215 Extra"]
[Source "ChessBase"]
[SourceDate "2023.09.30"]
[SourceVersion "1"]
[SourceVersionDate "2023.09.30"]
[SourceQuality "1"]

1. e4 c5 2. Nf3 d6 3. c4 Nc6 4. d4 cxd4 5. Nxd4 g6 6. Be3 Bg7 7. Nc3 Nf6 8. f3 0-0 9. Qd2 Nxd4 10. Bxd4 Be6 11. Be2 Qa5 12. 0-0 Rfc8 13. b3 Nd7 14. Bxg7 Kxg7 15. f4 Nf6 16. f5 Bd7 17. g4 Bc6 18. Qd4 Qb6 19. Rad1 g5 20. Qxb6 axb6 21. Bf3 Ra5 22. Kf2 Rh8 23. h4 h6 24. Rh1 Raa8 25. Rd2 Ra5 26. Ke3 Ra3 27. Nb1 Ra5 28. a4 Raa8 29. Nc3 Ra7 30. Ne2 Nd7 31. Nc1 Nc5 32. Rb2 Raa8 33. Nd3 Kf6 34. e5+ dxe5 35. Nxc5 bxc5 36. Bxc6 bxc6 37. Rbh2 gxh4 38. Kd3 Rad8+ 39. Kc3 Rd4 40. Rxh4 Kg5 41. Rh5+ Kxg4 42. R1h4+ Kf3 43. Rh3+ Kg4 44. a5 f6 45. b4 Ra8 46. R3h4+ Kg3 47. Rh1 Rf4 48. R1h3+ Kg4 49. R3h4+ Kg3 50. Rh3+ Kg4 51. R3h4+ Kf3 52. Rh3+ Ke4 53. Rxh6 Kxf5 54. Rh7 Ke6 55. Rg3 Rf1 56. Rgg7 Rf3+ 57. Kd2 cxb4 58. Rxe7+ Kf5 59. Ra7 Rxa7 60. Rxa7 Ra3 61. a6 Ke4 62. Kc2 f5 63. c5 f4 64. Rb7 Rxa6 65. Rxb4+ Kd5 66. Rb8 Ra5 67. Kd3 Ra3+ 68. Ke2 Rc3 69. Ra8 Rxc5 70. Kf3 Rc3+ 71. Kg4 Re3 72. Rd8+ Kc4 73. Rd1 c5 74. Rc1+ Kd4 75. Rd1+ Ke4 76. Rc1 Rg3+ 77. Kh4 Kd4 78. Rd1+ Rd3 79. Re1 c4 80. Kg4 c3 81. Kf5 Re3 82. Rd1+ Kc4 83. Kg4 c2 84. Rd8 Kc3 85. Rc8+ Kd2 0-1

[Event "TUR-chT2"]
[Site "Konya"]
[Date "2017.07.13"]
[Round "7.11"]
[White "Benek, Omer"]
[Black "Engin, Eyup Tarik"]
[Result "1-0"]
[WhiteElo "1672"]
[BlackElo "1221"]
[PlyCount "87"]
[EventDate "2017.07.09"]
[EventType "team-swiss"]
[EventRounds "9"]
[EventCountry "TUR"]
[SourceTitle "CBM 179 Extra"]
[Source "ChessBase"]
[SourceDate "2017.08.23"]
[SourceVersion "1"]
[SourceVersionDate "2017.08.23"]
[SourceQuality "1"]
[WhiteTeam "Derince Turgut"]
[BlackTeam "Atakum Belediye"]
[WhiteTeamCountry "TUR"]
[BlackTeamCountry "TUR"]

1. e4 e5 2. Nf3 Nc6 3. d4 exd4 4. Nxd4 Bc5 5. Nxc6 dxc6 6. Qxd8+ Kxd8 7. Bc4 Nf6 8. Bg5 Be7 9. Nc3 Be6 10. Bxe6 fxe6 11. 0-0-0+ Ke8 12. Rhe1 Ng4 13. Bxe7 Kxe7 14. f3 Ne5 15. Ne2 Rad8 16. Nf4 Rhf8 17. Nd3 Nxd3+ 18. Rxd3 Rxd3 19. cxd3 Rf6 20. Re2 Rh6 21. g3 Kd6 22. Kd2 Kc5 23. Ke3 a5 24. d4+ Kb4 25. Rc2 a4 26. h4 Rh5 27. f4 Rb5 28. Kd3 g6 29. g4 h6 30. Rc4+ Ka5 31. Rc5 Kb6 32. Rxb5+ cxb5 33. h5 gxh5 34. gxh5 Kc6 35. Ke3 Kd6 36. e5+ Kd5 37. f5 exf5 38. Kf4 Ke6 39. d5+ Kf7 40. Kxf5 a3 41. b3 b4 42. d6 cxd6 43. exd6 b6 44. d7 1-0

[Event "TUR-chT2"]
[Site "Konya"]
[Date "2017.07.12"]
[Round "5.6"]
[White "Taskaya, Fesih"]
[Black "Engin, Eyup Tarik"]
[Result "1/2-1/2"]
[WhiteElo "1649"]
[BlackElo "1221"]
[PlyCount "157"]
[EventDate "2017.07.09"]
[EventType "team-swiss"]
[EventRounds "9"]
[EventCountry "TUR"]
[SourceTitle "CBM 179 Extra"]
[Source "ChessBase"]
[SourceDate "2017.08.23"]
[SourceVersion "1"]
[SourceVersionDate "2017.08.23"]
[SourceQuality "1"]
[WhiteTeam "Onay"]
[BlackTeam "Atakum Belediye"]
[WhiteTeamCountry "TUR"]
[BlackTeamCountry "TUR"]

1. e4 e5 2. Nf3 Nc6 3. Bc4 Bc5 4. b4 Bxb4 5. c3 Bc5 6. d4 exd4 7. 0-0 d3 8. Qb3 Qe7 9. Bg5 Na5 10. Qb5 f6 11. Bh4 Nxc4 12. Qxc4 d6 13. Nbd2 Qe6 14. Qxd3 Ne7 15. Nb3 Bb6 16. Nbd4 Qf7 17. Rfe1 Ng6 18. Nf5 0-0 19. a4 Bxf5 20. exf5 Ne5 21. Nxe5 fxe5 22. g4 a5 23. Rad1 Qe8 24. Re4 Kh8 25. f6 gxf6 26. Qf3 Qg6 27. Qg2 f5 28. Rc4 Qe6 29. Qd5 Qxd5 30. Rxd5 fxg4 31. Rxg4 Rf4 32. Rxf4 exf4 33. Rf5 Kg8 34. Rxf4 Rf8 35. Re4 Rf3 36. Re8+ Kg7 37. Rb8 Rxc3 38. Rxb7 Rc4 39. Bg3 Rxa4 40. Bxd6 Rc4 41. Kg2 Kg6 42. Bg3 a4 43. Rb8 Rc5 44. Rg8+ Kf5 45. Rf8+ Ke6 46. Rf3 Ra5 47. Ra3 Kd7 48. Bf4 Bc5 49. Ra2 Bb4 50. h4 a3 51. Kf3 Bc3 52. Bc1 Kc6 53. Rxa3 Rxa3 54. Bxa3 Kd5 55. Kg4 Ke5 56. Bc1 Kd5 57. Kg5 Bg7 58. f4 Ke6 59. f5+ Kf7 60. Ba3 Bf6+ 61. Kh5 Kg7 62. Bc1 Kf7 63. Bg5 Bg7 64. Be3 Bf6 65. Bf2 Kg7 66. Bc5 Bc3 67. Kg4 Kf6 68. Be3 Be1 69. Bg5+ Kf7 70. Kh5 Kg7 71. Bd8 c6 72. f6+ Kf7 73. Be7 Bf2 74. Kg5 h6+ 75. Kg4 c5 76. Bxc5 Bxc5 77. Kh3 Kxf6 78. Kg2 Kf5 79. Kh1 1/2-1/2